00906cam a2200241 a 4500020003500000040000800035082002600043100001600069245005300085246003100138260003400169300003400203500002000237650002400257700001800281700001600299856005800315856006500373856005500438942000700493999001700500952014700517 a0471589535 (pbk. : alk. paper) cDLC00a686 JWI 1993 A043 Or.1 aBaker, Kim,10aPageMaker 5 for Windows :bself-teaching guide /3 aPageMaker five for Windows aNew York :bJ. Wiley,cc1993. axii, 292 p. :bill. ;c25 cm. aIncludes index. 0aDesktop publishing.1 aBaker, Sunny.1 aRoth, Kyle.42uhttp://www.loc.gov/catdir/bios/wiley042/93022644.html42uhttp://www.loc.gov/catdir/description/wiley034/93022644.html4 uhttp://www.loc.gov/catdir/toc/onix05/93022644.html cEK c12866d12866 0010406686_000000000000000_JWI_1993_A043_OR70962959aLBAbLBAcA043d2017-08-17o686 JWI 1993 A043 Or.pA19457r2017-08-17w2017-08-17yEK